书目信息 |
| 题名: |
蔡廷锴自传
|
|
| 作者: | 蔡廷锴 著 | |
| 分册: | 上 | |
| 出版信息: | 北京 人民出版社 2020.06 |
|
| 页数: | 274页 | |
| 开本: | 24cm | |
| 丛书名: | ||
| 单 册: | ||
| 中图分类: | K825.2=72 | |
| 科图分类: | ||
| 主题词: | ||
| 电子资源: | ||
| ISBN: | 978-7-01-021961-5 | |
| 000 | 01130nam0 2200229 450 | |
| 001 | 2157986392 | |
| 005 | 20211011172911.0 | |
| 010 | @a978-7-01-021961-5@dCNY84.00(全2册168.00) | |
| 100 | @a20200806d2020 em y0chiy0120 ea | |
| 101 | 0 | @achi |
| 102 | @aCN@b110000 | |
| 105 | @ay z 000ya | |
| 106 | @ar | |
| 200 | 1 | @a蔡廷锴自传@Acai ting kai zi chuan@h上@f蔡廷锴著 |
| 210 | @a北京@c人民出版社@d2020.06 | |
| 215 | @a274页@d24cm | |
| 330 | @a本书为蔡廷锴的自传。蔡廷锴早年投身粤军,随北伐军第四军参加北伐,屡立战功。1932年1月,一·二八事变爆发,蔡廷错率领十九路军在上海奋起抗战,击退日本海陆空军多次进攻,迫使日军三易主帅。上海停战后,十九路军被调往福建“剿共”,蔡廷锴、蒋光鼐联合李济深等民主人士策动抗日反蒋的福建事变,并与红军订立停战反蒋协定。福建事变失败后流亡海外。卢沟桥事变爆发后回国参加抗战,抗战胜利后与李济深等民主人士合作,从事和平民主运动,参加新中国的筹建工作。曾任民革中央副主席、全国政协副主席等职。 | |
| 600 | 0 | @a蔡廷锴@Acai ting kai@f(1892-1968)@x自传 |
| 690 | @aK825.2=72@v5 | |
| 701 | 0 | @a蔡廷锴@Acai ting kai@f(1892-1968)@4著 |
| 801 | 0 | @aCN@b百万庄@c20211006 |
| 905 | @b1305933-36@dK825.2=72@e1462@f4 | |
| 蔡廷锴自传.上/蔡廷锴著.-北京:人民出版社,2020.06 |
| 274页;24cm |
| ISBN 978-7-01-021961-5:CNY84.00(全2册168.00) |
| 本书为蔡廷锴的自传。蔡廷锴早年投身粤军,随北伐军第四军参加北伐,屡立战功。1932年1月,一·二八事变爆发,蔡廷错率领十九路军在上海奋起抗战,击退日本海陆空军多次进攻,迫使日军三易主帅。上海停战后,十九路军被调往福建“剿共”,蔡廷锴、蒋光鼐联合李济深等民主人士策动抗日反蒋的福建事变,并与红军订立停战反蒋协定。福建事变失败后流亡海外。卢沟桥事变爆发后回国参加抗战,抗战胜利后与李济深等民主人士合作,从事和平民主运动,参加新中国的筹建工作。曾任民革中央副主席、全国政协副主席等职。 |
| ● |
| 相关链接 |
|
|
|
|
正题名:蔡廷锴自传
索取号:K825.2=72/1462
 
预约/预借
| 序号 | 登录号 | 条形码 | 馆藏地/架位号 | 状态 | 备注 |
| 1 | 1305933 | 213059330 | 第二样本阅览室/ [索取号:K825.2=72/1462] | 在馆 | |
| 2 | 1305934 | 213059349 | 第二借阅区/ [索取号:K825.2=72/1462] | 在馆 | |
| 3 | 1305935 | 213059358 | 第二借阅区/ [索取号:K825.2=72/1462] | 在馆 | |
| 4 | 1305936 | 213059367 | 第二借阅区/ [索取号:K825.2=72/1462] | 在馆 |